1490 1404 1355 1698 1473 1835 1181 1257 1949 1592 1733 1716 1352 1019 1888 1968 1511 1548 1710 1015 1913 1059 1508 1523 1096 1352 1661 1777 1470 1848 1538 1736 1188 1917 1530 1080 1783 1536 1456 1748 1173 1382 1167 1847 1956 1996 1511 1543 1014 1596 1391 1987 1816 1465 1581 1825 1313 1589 1366 1118 1130 1815 1845 1339 1817 1404 1611 1381 1913 1699 1059 1248 1731 1853 1272 1418 1085 1042 1590 1790 1316 1614 1584 1354 1841 1990 1577 1271 1074 1405 1095 1749 1055 1110 1171 1051 1094 1415 1660 BCNSPRNW ULIB Ver.6.0+V

เปลี่ยนเป็นภาษาไทย

Change to English
 แสดงรายละเอียดบรรณานุกรม
  กลับหน้าหลัก

Brief Record : Get Marc (ISO 2709) : E-mail record : QR code < ปิดหน้าต่าง
LEADER : 00000nam 2200000uu 4500
001    13399125835
003     ULIB
008    020711s2017 th a 000 0 eng d
020    ^a9780323399265
060    ^aWY162^bP-B
100    ^aPhillips, Nancymarie Fortunato
245    ^aBerry&Kohn's operating room technique/^cPhillips, Nancymarie Fortunato.
250    ^a13rd ed
260    ^aLouis,Missouri :^bElsevier,^c2017
300    ^a986 pages;^c30 cm
650    ^aOperating Room Nursing--methods^xOperating Room
945    ^p4343^l0^i003217
999    ^aประนอม เกษจรัล
รายการนี้ยังไม่มีแท็ก
คุณยังไม่ได้ล็อกอิน คุณสามารถมีกิจกรรมร่วมกับเว็บไซต์ได้ แต่ต้องล็อกอินก่อน ::
  ล็อกอิน

รายการสื่อสารสนเทศ

ลำดับที่ ประเภท เลขเรียก/บาร์โค้ด สถานที่ สถานะ
1. วิทยาศาสตร์การแพทย์ และสุขภาพ
หนังสือสำรอง
สถานะ=หนังสือสำรอง
WY162 P-B ฉ.1 
  Barcode: 003217
ห้องสมุดวิทยาเขตสวรรค์ประชารักษ์
►หนังสือทั่วไป
บนชั้น

BibComment


ยังไม่เคยถูกคอมเมนท์

คอมเมนท์ทรัพยากรรายการนี้
  คอมเมนท์: BerryKohns opera..


 Copyright 2026. Bcnsprnw @Library